| 000 | 01102aam a2200289 4500 | ||
|---|---|---|---|
| 999 |
_c37927 _d37927 |
||
| 001 | 7722 | ||
| 003 | CO-MdFUSB | ||
| 005 | 20171013083636.0 | ||
| 008 | 170324t20042009xxu||||| |||| 00| 0 spa d | ||
| 020 | _a978-0-8297-5388-2 : 32.000 | ||
| 040 |
_aCO-MdFUSB _bspa _cCO-MdFUSB _dCO-MdFUSBC _erda |
||
| 041 | 0 | _aspa | |
| 082 | 0 | 4 | _aG 225.04 B653t |
| 100 | 1 |
_aBlomberg, Craig L. _eautor |
|
| 245 | 0 | 2 |
_a3 preguntas claves sobre el Nuevo Testamento _c/ Craig L. Blomberg |
| 246 | _a3 preguntas claves sobre el Nuevo Testamento | ||
| 264 | 4 |
_aMiami, Florida: _b Vida, _c©2004-2009 |
|
| 300 | _a190 p. | ||
| 336 |
_2rdacontent _atexto _btxt |
||
| 337 |
_2rdamedia _asin mediación _bn |
||
| 338 |
_2rdacarrier _avolumen _bnc |
||
| 500 | _aTítulo original: Making sense of the New Testament | ||
| 501 | _aEncuadernado en rústico con pasta flexible | ||
| 505 | 0 | 0 | _a¿Podemos confiar en la historicidad del Nuevo Testamento? -- ¿Fue Pablo el verdadero fundador del cristianismo? -- ¿Cómo debe aplicar el cristiano el Nuevo Testamento a su vida? |
| 630 | 0 | 7 |
_aBiblia. _pNuevo Testamento |
| 942 | _cBK | ||